ARRUPE JESUIT UNIVERSITY

CORONAVIRUS -STOP THE SPREAD - CLEAN,DISINFECT,COVER

Ungrateful daughters : (Record no. 130345)

MARC details
000 -LEADER
fixed length control field 01370cam a2200349 a 4500
001 - CONTROL NUMBER
control field 12794306
003 - CONTROL NUMBER IDENTIFIER
control field ARRUPE
005 - DATE AND TIME OF LATEST TRANSACTION
control field 20200212092258.0
008 - FIXED-LENGTH DATA ELEMENTS--GENERAL INFORMATION
fixed length control field 011126s2002 enka e b 001 0ceng
010 ## - LIBRARY OF CONGRESS CONTROL NUMBER
LC control number 2002421242
020 ## - INTERNATIONAL STANDARD BOOK NUMBER
International Standard Book Number 0340794615
035 ## - SYSTEM CONTROL NUMBER
System control number (UkLWHE)b000144475
040 ## - CATALOGING SOURCE
Original cataloging agency DLC
Transcribing agency DLC
Modifying agency DLC
043 ## - GEOGRAPHIC AREA CODE
Geographic area code e-uk---
050 00 - LIBRARY OF CONGRESS CALL NUMBER
Classification number DA462.A3
Item number W27 2002
082 00 - DEWEY DECIMAL CLASSIFICATION NUMBER
Classification number 941.06
Edition number 21
300 ## - PHYSICAL DESCRIPTION
Other physical details ill. (some col.) ;
Dimensions 24 cm.
100 1# - MAIN ENTRY--PERSONAL NAME
Personal name Waller, Maureen.
9 (RLIN) 49494
245 10 - TITLE STATEMENT
Title Ungrateful daughters :
Remainder of title the Stuart princesses who stole their father's crown /
Statement of responsibility, etc Maureen Waller.
260 ## - PUBLICATION, DISTRIBUTION, ETC. (IMPRINT)
Place of publication, distribution, etc London :
Name of publisher, distributor, etc Hodder & Stoughton,
Date of publication, distribution, etc 2002.
300 ## - PHYSICAL DESCRIPTION
Extent xxiv, 454 p. :
504 ## - BIBLIOGRAPHY, ETC. NOTE
Bibliography, etc Includes bibliographical references (p. 435-442) and index.
600 00 - SUBJECT ADDED ENTRY--PERSONAL NAME
Personal name Mary
Numeration II,
Titles and other words associated with a name Queen of England,
Dates associated with a name 1662-1694.
9 (RLIN) 49149
600 00 - SUBJECT ADDED ENTRY--PERSONAL NAME
Personal name James
Numeration II,
Titles and other words associated with a name King of England,
Dates associated with a name 1633-1701
General subdivision Family.
9 (RLIN) 49495
600 00 - SUBJECT ADDED ENTRY--PERSONAL NAME
Personal name Anne,
Titles and other words associated with a name Queen of Great Britain,
Dates associated with a name 1665-1714.
9 (RLIN) 49496
650 #0 - SUBJECT ADDED ENTRY--TOPICAL TERM
Topical term or geographic name as entry element Queens
Geographic subdivision Great Britain
Form subdivision Biography.
9 (RLIN) 49238
651 #0 - SUBJECT ADDED ENTRY--GEOGRAPHIC NAME
Geographic name Great Britain
General subdivision History
Chronological subdivision William and Mary, 1689-1702.
9 (RLIN) 49150
651 #0 - SUBJECT ADDED ENTRY--GEOGRAPHIC NAME
Geographic name Great Britain
General subdivision Kings and rulers
-- Succession.
9 (RLIN) 49497
651 #0 - SUBJECT ADDED ENTRY--GEOGRAPHIC NAME
Geographic name Great Britain
General subdivision History
Chronological subdivision Anne, 1702-1714.
9 (RLIN) 49498
906 ## - LOCAL DATA ELEMENT F, LDF (RLIN)
a 7
b cbc
c origres
d 2
e ncip
f 20
g y-gencatlg
942 ## - ADDED ENTRY ELEMENTS (KOHA)
Source of classification or shelving scheme Library of Congress Classification
Koha item type Monograph ( Printed materials)
Holdings
Withdrawn status Lost status Source of classification or shelving scheme Damaged status Not for loan Collection code Home library Current library Shelving location Date acquired Total Checkouts Full call number Barcode Date last seen Price effective from Koha item type
    Library of Congress Classification     Main Collection ARRUPE LIBRARY ARRUPE LIBRARY Main Collection 12/02/2020   DA462.A3 W27 2002 46600006451 12/02/2020 12/02/2020 Monograph ( Printed materials)

 

Arrupe Library. PO Box MP320 Mt Pleasant, Harare, Zimbabwe
263 242 745411|librarian@aju.ac.zw